000 00487nam a2200181Ia 4500
008 151202s9999||||xx |||||||||||||| ||und||
082 _bPNVM-85130
100 _aभागवत यशवंत.
245 _aतनया.
260 _bनवल प्रकाशन.
260 _c2015
300 _a192
600 _aभागवत यशवंत.
630 _aतनया.
700 _aभागवत यशवंत.
730 _aतनया.
942 _cBOOK
999 _c1349982
_d1349979